00685cam a22002537a 4500003000500000005001700005008004100022010001000063011001000073035001000083040000900093082001500102100002100117245007300138260005100211300003000262490001700292650001700309650001700326650002700343700002100370700002300391830001700414CHAP20220329134823.0971013s1983 r 00010 d a26489 a27461 a31562 cCHAP a633.34bI700aIrwin, Bonnie J. 0aSoybean research in China and the United Statesb: proceedings of... aUrbana :bInternational Soybean Program,c1983 a194 p.b: ilus. ; gráfs 0aINTSOYv; 2514aSoyaxChina.14aSoyaxE.U.A.14aSoyaxInvestigación.0 aJing-Ling, Wang.0 aSinclair, Onkar D.0 aINTSOYv; 25